Making a difference : 12 qualities that make you a leader

Bibliographic Details
Main Author: Bethel, Sheila Murray (Author)
Format: Book
Language:English
Published: Petaling Jaya : Castle Book 1994
Subjects:

MARC

LEADER 00000cam a2200000 7i4500
001 0000003313
005 20240926.0
008 991203 my eng
020 |a 9838970336 
040 |a INS   |b eng   |e rda 
090 0 0 |a HD57.7   |b .B5625 1994 
100 1 |a Bethel, Sheila Murray ,   |e author 
245 1 0 |a Making a difference :   |b 12 qualities that make you a leader   |c Sheila Murray Bethel 
264 1 |a Petaling Jaya :   |b Castle Book   |c 1994 
300 |a 288 pages ;   |c 21 cm. 
336 |a text  |2 rdacontent 
337 |a unmediated  |2 rdamedia 
338 |a volume  |2 rdacarrier 
500 |a Includes index 
650 0 |a Leadership 
999 |a 0000005454   |b BOOK   |c Open Shelf   |e Default branch